| 000 | 00506 a2200169 4500 | ||
|---|---|---|---|
| 999 |
_c2096 _d2096 |
||
| 008 | 200213b ||||| |||| 00| 0 eng d | ||
| 020 | _a9788177581652 | ||
| 041 | 0 | _aeng | |
| 100 |
_91693 _aTanenbaum, Andrew S. |
||
| 245 | 1 | 0 |
_aComputer networks / _cby Andrew S. Tanenbaum |
| 250 | _a4th ed. | ||
| 260 |
_aNew Delhi : _bPearson Education, _c2003. |
||
| 300 | _axx,891p. | ||
| 650 | 0 | _aComputer Networks | |
| 856 | _uhttps://www.amazon.com/Computer-Networks-Andrew-S-Tanenbaum/dp/8177581651 | ||
| 942 | _cBK | ||